Реакторы с поперечным подмагничиванием

Библиографические подробности
Главный автор: Дорожко Л. И. Леонид Иванович
Другие авторы: Либкинд М. С. Марк Самуилович
Язык:русский
Опубликовано: Москва, Энергия, 1977
Предметы:
Формат: MixedMaterials Книга
Запись в KOHA:https://koha.lib.tpu.ru/cgi-bin/koha/opac-detail.pl?biblionumber=112927

MARC

LEADER 00000nam0a2200000 4500
001 112927
005 20231031121656.0
035 |a (RuTPU)RU\TPU\book\122119 
090 |a 112927 
100 |a 20070403d1977 km y0rusy50 ca 
101 0 |a rus 
102 |a RU 
105 |a a z 001zy 
200 1 |a Реакторы с поперечным подмагничиванием  |f Л. И. Дорожко, М. С. Либкинд 
210 |a Москва  |c Энергия  |d 1977 
215 |a 177 с.  |c ил. 
320 |a Список литературы: с. 171-175. 
610 1 |a ферромагнетики 
610 1 |a намагничивание 
610 1 |a реакторы 
610 1 |a электрические реакторы 
610 1 |a устройство 
610 1 |a конструирование 
610 1 |a расчет 
610 1 |a применение 
610 1 |a преимущества 
675 |a 621.318.1  |v 3 
700 1 |a Дорожко  |b Л. И.  |g Леонид Иванович 
701 1 |a Либкинд  |b М. С.  |g Марк Самуилович 
801 1 |a RU  |b 63413507  |c 20070403  |g PSBO 
801 2 |a RU  |b 63413507  |c 20171110  |g PSBO 
942 |c BK